| 000 | 00715nam a2200253Ia 4500 | ||
|---|---|---|---|
| 003 | OSt | ||
| 005 | 20221005070153.0 | ||
| 006 | a|||||r|||| 00| 0 | ||
| 007 | ta | ||
| 008 | 221004b |||||||| |||| 00| 0 urd d | ||
| 020 | _a9789380934969 (hbk) | ||
| 024 | _a5266 | ||
| 037 |
_bGift, 11/07/2013, _cTextual |
||
| 040 |
_aCRL _cCRL _burd |
||
| 041 |
_2urd _aurd |
||
| 082 | _a4,45, 168Q3 | ||
| 100 |
_aAhmad Nezamuddin _9605414 |
||
| 245 | 0 | _aUrdu zaban-o-adab aur radio | |
| 260 |
_aMuzzafarpur _bMaktaba Sadaf India _c2013 |
||
| 300 |
_a132p. _ccm. |
||
| 650 |
_aJOUNRALISM _93876 |
||
| 942 |
_h4,45, 168Q3 _cTEXL _2cc |
||
| 999 |
_c975787 _d975787 |
||